[Event "Thüringenliga 2025/26"]
[Site "?"]
[Date "2026.03.01"]
[Round "7.7"]
[White "Scheiding, Sophia"]
[Black "Osterloh, Felix"]
[Result "0-1"]
[WhiteElo "1684"]
[BlackElo "1805"]
[WhiteFideId "-1"]
[BlackFideId "-1"]
[PlyCount "100"]
[GameId "2285491792990373"]
[EventDate "2025.09.14"]
[EventType "team-tourn"]
[EventRounds "9"]
[SourceTitle "Thueringer Schachbund"]
[Source "ThSB"]
[SourceDate "2025.09.14"]
[SourceVersion "1"]
[SourceVersionDate "2025.09.14"]
[SourceQuality "1"]
[WhiteTeam "Meuselwitzer SV"]
[BlackTeam "fuß brothers Jena"]

{[%evp 0,100,30,18,32,29,29,24,26,-42,32,27,12,21,39,16,54,21,21,25,8,13,9,9,17,-23,-27,-27,-25,-59,-50,-74,-77,-75,-77,-77,-73,-73,-72,-77,-79,-84,-91,-84,-81,-86,-83,-105,-107,-108,-112,-115,-115,-111,-111,-126,-111,-129,-116,-125,-124,-123,-123,-123,-116,-118,-120,-155,-155,-152,-148,-147,-141,-140,-140,-141,-140,-145,-144,-156,-149,-149,-149,-180,-158,-180,-175,-219,-214,-219,-219,-219,-209,-323,-349,-403,-410,-434,-410,-432,-418,-1213,-1392]} 1. e4 e6 2. d4 d5 3. exd5 exd5 4. c4 c6 5. Nc3 Nf6 6. Nf3 Bg4 7. Be3 Be7 8. Bd3 dxc4 9. Bxc4 O-O 10. O-O Nbd7 11. h3 Bh5 12. Kh1 Nb6 13. Bd3 Nfd5 14. Nxd5 Qxd5 15. b3 Bxf3 16. Qxf3 Qxf3 17. gxf3 Bf6 18. Rac1 Rad8 19. Rfd1 g6 20. Bc4 Rd7 21. Rc2 Nd5 22. a4 Rfd8 23. Bxd5 Rxd5 24. Rcd2 Bg7 25. Kg2 f5 26. f4 Kf7 27. Kg3 Ke6 28. h4 Bf6 29. Kh3 Kf7 30. Kg3 Kg7 31. f3 Kh6 32. Kg2 Kh5 33. Bf2 c5 34. Re2 Bxd4 35. Re7 R8d7 36. Rxd7 Rxd7 37. b4 b6 38. a5 Kh6 39. axb6 axb6 40. bxc5 bxc5 41. Be1 Kg7 42. Bc3 Kf7 43. Ba5 Ke6 44. Re1+ Kd5 45. Re8 Kc4 46. Rc8 Kd3 47. Rc6 c4 48. Kf1 Rb7 49. Re6 c3 50. Re1 c2 0-1

[Event "Thüringenliga 2025/26"]
[Site "?"]
[Date "2026.03.01"]
[Round "7.8"]
[White "Richter, Jan"]
[Black "Schmidt, Jens"]
[Result "1/2-1/2"]
[WhiteElo "1887"]
[BlackElo "1713"]
[WhiteFideId "-1"]
[BlackFideId "-1"]
[PlyCount "32"]
[GameId "2285491793027238"]
[EventDate "2025.09.14"]
[EventType "team-tourn"]
[EventRounds "9"]
[SourceTitle "Thueringer Schachbund"]
[Source "ThSB"]
[SourceDate "2025.09.14"]
[SourceVersion "1"]
[SourceVersionDate "2025.09.14"]
[SourceQuality "1"]
[WhiteTeam "fuß brothers Jena"]
[BlackTeam "Meuselwitzer SV"]

{[%evp 0,32,29,26,22,-2,-1,5,6,-30,-43,-30,-16,-9,-20,-13,3,-11,31,26,5,13,51,59,50,-24,34,30,69,70,67,63,53,-12,-7]} 1. Nf3 Nf6 2. g3 c5 3. Bg2 Nc6 4. d4 cxd4 5. Nxd4 e5 6. Nxc6 bxc6 7. O-O d5 8. c4 Bb7 9. cxd5 cxd5 10. Nc3 Qd7 11. Qb3 a5 12. a4 Bb4 13. Bg5 d4 14. Bxb7 Qxb7 15. Bxf6 gxf6 16. Qd5 Rb8 1/2-1/2

[Event "Thüringenliga 2025/26"]
[Site "?"]
[Date "2026.03.01"]
[Round "7.1"]
[White "Franke, Luca"]
[Black "Junge, Mattheo Gabriel"]
[Result "1/2-1/2"]
[WhiteElo "2061"]
[BlackElo "1877"]
[WhiteFideId "-1"]
[BlackFideId "-1"]
[PlyCount "60"]
[GameId "2286193132810271"]
[EventDate "2025.09.14"]
[EventType "team-tourn"]
[EventRounds "9"]
[SourceTitle "Thueringer Schachbund"]
[Source "ThSB"]
[SourceDate "2025.09.14"]
[SourceVersion "1"]
[SourceVersionDate "2025.09.14"]
[SourceQuality "1"]
[WhiteTeam "SV 1861 Liebschwitz"]
[BlackTeam "SV Schott Jena"]

{[%evp 0,60,19,25,29,-11,35,32,31,30,33,13,24,33,14,13,49,58,58,67,85,65,77,29,56,40,43,46,32,21,63,62,104,83,107,85,76,55,117,45,77,42,16,-1,-8,0,7,-9,16,-6,35,22,24,-26,-10,-19,2,0,24,9,13,-4,0]} 1. d4 Nf6 2. c4 g6 3. Nc3 Bg7 4. e4 d6 5. f4 O-O 6. Nf3 c5 7. d5 Nfd7 8. Bd3 Na6 9. O-O Nc7 10. Qe2 e6 11. dxe6 Nxe6 12. Be3 Nd4 13. Qf2 Nxf3+ 14. Qxf3 Nb8 15. Rad1 Bxc3 16. bxc3 Qf6 17. Bd2 Nc6 18. Qg3 Bd7 19. Rde1 Rfe8 20. h4 Qg7 21. Qg5 f6 22. Qg3 Kh8 23. Kf2 f5 24. Rh1 fxe4 25. Bxe4 Bf5 26. Qd3 Qd7 27. h5 Rxe4 28. Rxe4 Bxe4 29. Qxe4 Qf5 30. Qe2 Ne5 1/2-1/2

[Event "Thüringenliga 2025/26"]
[Site "?"]
[Date "2026.03.01"]
[Round "7.2"]
[White "Abou Wally, Adrian"]
[Black "Zeidler, Andreas"]
[Result "1/2-1/2"]
[WhiteElo "1923"]
[BlackElo "2003"]
[WhiteFideId "-1"]
[BlackFideId "-1"]
[PlyCount "46"]
[GameId "2286193132834848"]
[EventDate "2025.09.14"]
[EventType "team-tourn"]
[EventRounds "9"]
[SourceTitle "Thueringer Schachbund"]
[Source "ThSB"]
[SourceDate "2025.09.14"]
[SourceVersion "1"]
[SourceVersionDate "2025.09.14"]
[SourceQuality "1"]
[WhiteTeam "SV Schott Jena"]
[BlackTeam "SV 1861 Liebschwitz"]

{[%evp 0,46,33,23,17,23,22,3,9,9,7,-2,-2,12,10,-6,6,-30,-8,-5,0,7,20,-12,-20,-1,9,0,14,6,6,6,21,19,22,48,26,11,96,35,23,21,91,60,45,19,18,-21,16]} 1. e4 e5 2. Nf3 Nc6 3. Bc4 Nf6 4. d3 Bc5 5. c3 O-O 6. b4 Bb6 7. Nbd2 d5 8. Bb3 dxe4 9. dxe4 Qe7 10. O-O a6 11. h3 Be6 12. Qc2 Ba7 13. Nc4 b5 14. Ne3 Rfd8 15. Bxe6 Qxe6 16. Ng5 Qd6 17. Rd1 Qf8 18. Nd5 Ne8 19. Qe2 h6 20. Nf3 Qd6 21. Nh4 Ne7 22. Be3 Bxe3 23. Nxe3 Qe6 1/2-1/2

[Event "Thüringenliga 2025/26"]
[Site "?"]
[Date "2026.03.01"]
[Round "7.3"]
[White "Hermannsdörfer, Frank"]
[Black "Kaipalath, Varun Raj"]
[Result "1-0"]
[WhiteElo "2066"]
[BlackElo "1853"]
[WhiteFideId "-1"]
[BlackFideId "-1"]
[PlyCount "99"]
[GameId "2286193132847137"]
[EventDate "2025.09.14"]
[EventType "team-tourn"]
[EventRounds "9"]
[SourceTitle "Thueringer Schachbund"]
[Source "ThSB"]
[SourceDate "2025.09.14"]
[SourceVersion "1"]
[SourceVersionDate "2025.09.14"]
[SourceQuality "1"]
[WhiteTeam "SV 1861 Liebschwitz"]
[BlackTeam "SV Schott Jena"]

{[%evp 0,99,23,-20,11,-37,-38,-38,-20,-44,-29,-37,-33,-75,-39,-45,1,-18,-9,-39,-14,-16,4,-19,-22,-14,-11,-8,5,-5,14,0,43,26,46,34,39,32,52,14,5,28,26,22,0,-53,-21,-54,-66,-66,-66,-81,27,7,89,84,169,185,243,196,188,221,214,201,234,194,378,215,310,335,370,324,310,133,408,375,590,471,742,847,847,290,288,190,210,0,-23,-48,139,193,276,317,317,322,470,492,514,529,667,667,730,767]} 1. b3 e5 2. Bb2 Nc6 3. e3 Nf6 4. c4 d5 5. cxd5 Nxd5 6. a3 a6 7. Qc2 Be7 8. Nf3 Qd6 9. d3 O-O 10. Nbd2 Nb6 11. Ne4 Qd5 12. Be2 f5 13. Ned2 Bf6 14. O-O Qf7 15. Rfd1 g5 16. d4 e4 17. Ne5 Nxe5 18. dxe5 Bg7 19. Nc4 Be6 20. Na5 Rab8 21. Rac1 Rfc8 22. Rd2 Nd7 23. Nc4 b5 24. Na5 c5 25. Rd6 Ra8 26. f4 exf3 27. Bxf3 Bf8 28. Bxa8 Bxd6 29. exd6 Rxa8 30. Qc3 Kf8 31. Rf1 Rc8 32. g4 Qg8 33. b4 Kf7 34. gxf5 Bd5 35. Qd3 Kf8 36. Rc1 g4 37. e4 Ba2 38. e5 Qg5 39. e6 Ne5 40. e7+ Kf7 41. Qc3 Nf3+ 42. Kf2 Qh4+ 43. Ke3 Qg5+ 44. Ke2 cxb4 45. Qf6+ Qxf6 46. Bxf6 Rxc1 47. d7 Re1+ 48. Kf2 g3+ 49. hxg3 Rxe7 50. d8=Q 1-0

[Event "Thüringenliga 2025/26"]
[Site "?"]
[Date "2026.03.01"]
[Round "7.4"]
[White "Babrikowski, Peter"]
[Black "Kastner, Peter"]
[Result "1-0"]
[WhiteElo "2100"]
[BlackElo "1971"]
[WhiteFideId "-1"]
[BlackFideId "-1"]
[PlyCount "39"]
[GameId "2286193132855330"]
[EventDate "2025.09.14"]
[EventType "team-tourn"]
[EventRounds "9"]
[SourceTitle "Thueringer Schachbund"]
[Source "ThSB"]
[SourceDate "2025.09.14"]
[SourceVersion "1"]
[SourceVersionDate "2025.09.14"]
[SourceQuality "1"]
[WhiteTeam "SV Schott Jena"]
[BlackTeam "SV 1861 Liebschwitz"]

{[%evp 0,39,23,20,52,68,87,31,23,-5,-25,-25,-16,-26,-23,-31,1,-31,5,4,-8,0,-17,-14,12,6,2,2,6,-3,-11,-21,83,82,646,637,651,721,877,903,913,915]} 1. e4 c5 2. Nf3 d6 3. c3 Nf6 4. e5 dxe5 5. Nxe5 e6 6. d4 cxd4 7. cxd4 Be7 8. Bd3 O-O 9. O-O Nc6 10. Nxc6 bxc6 11. Nc3 c5 12. dxc5 Bxc5 13. Bg5 Be7 14. Qe2 Bb7 15. Rfd1 Nd5 16. Bxe7 Nxc3 17. Bxh7+ Kh8 18. Qh5 Ne2+ 19. Qxe2 Qxe7 20. Qh5 1-0

[Event "Thüringenliga 2025/26"]
[Site "?"]
[Date "2026.03.01"]
[Round "7.5"]
[White "Biel, Maik"]
[Black "Bönisch, Julian"]
[Result "1/2-1/2"]
[WhiteElo "1915"]
[BlackElo "1851"]
[WhiteFideId "-1"]
[BlackFideId "-1"]
[PlyCount "42"]
[GameId "2286193132863523"]
[EventDate "2025.09.14"]
[EventType "team-tourn"]
[EventRounds "9"]
[SourceTitle "Thueringer Schachbund"]
[Source "ThSB"]
[SourceDate "2025.09.14"]
[SourceVersion "1"]
[SourceVersionDate "2025.09.14"]
[SourceQuality "1"]
[WhiteTeam "SV 1861 Liebschwitz"]
[BlackTeam "SV Schott Jena"]

{[%evp 0,42,20,32,24,-17,32,33,41,46,47,34,33,41,48,12,8,9,13,13,20,13,10,16,24,3,0,-40,-44,-61,-66,-124,-108,-117,-110,-110,-61,-120,-95,-98,-108,-89,-50,-89,-22]} 1. d4 Nf6 2. c4 g6 3. Nc3 Bg7 4. e4 d6 5. Be2 O-O 6. Nf3 e5 7. d5 a5 8. O-O Na6 9. Qc2 Nc5 10. Bg5 h6 11. Be3 Nfd7 12. Nd2 f5 13. Bxc5 Nxc5 14. a3 a4 15. b4 axb3 16. Nxb3 Nxe4 17. Nxe4 fxe4 18. Qxe4 Bf5 19. Qe3 b6 20. a4 Bc2 21. Bd1 Bxb3 1/2-1/2

[Event "Thüringenliga 2025/26"]
[Site "?"]
[Date "2026.03.01"]
[Round "7.6"]
[White "Jung, Florian"]
[Black "Kitzig, Tobias"]
[Result "1/2-1/2"]
[WhiteElo "1961"]
[BlackElo "1850"]
[WhiteFideId "-1"]
[BlackFideId "-1"]
[PlyCount "146"]
[GameId "2286193132867620"]
[EventDate "2025.09.14"]
[EventType "team-tourn"]
[EventRounds "9"]
[SourceTitle "Thueringer Schachbund"]
[Source "ThSB"]
[SourceDate "2025.09.14"]
[SourceVersion "1"]
[SourceVersionDate "2025.09.14"]
[SourceQuality "1"]
[WhiteTeam "SV Schott Jena"]
[BlackTeam "SV 1861 Liebschwitz"]

{[%evp 0,146,27,20,20,9,9,9,1,1,22,13,4,-13,41,39,61,73,59,62,72,74,103,112,92,86,83,83,81,79,80,80,81,68,79,79,81,75,88,76,100,101,97,96,89,82,91,79,92,74,89,86,99,95,101,99,92,94,110,84,102,87,79,96,124,114,151,166,179,189,242,156,157,150,220,179,178,163,178,118,223,147,170,147,145,125,124,78,90,87,100,51,50,56,65,5,27,29,29,33,40,63,89,88,99,105,121,121,139,75,84,85,122,114,105,105,129,120,122,115,162,98,101,80,86,75,69,79,51,60,60,33,35,36,44,27,37,39,108,96,59,40,41,25,105,97,97,34,79]} 1. e4 e5 2. Bc4 Nf6 3. d3 c6 4. Nf3 d5 5. Bb3 Bd6 6. Nc3 Bc7 7. O-O dxe4 8. Ng5 O-O 9. Ngxe4 Nxe4 10. Nxe4 Qe8 11. Qh5 Be6 12. Ng5 h6 13. Nxe6 fxe6 14. Qxe8 Rxe8 15. Re1 Nd7 16. Be3 Nf6 17. f3 Rad8 18. a4 a6 19. Bf2 Nh5 20. g3 Kf7 21. Kg2 Nf6 22. Bc4 Nd5 23. Re2 Kf6 24. h4 Rd7 25. Rf1 Bd6 26. Bb3 Rde7 27. Re4 Kf7 28. Re2 Kf6 29. Be1 g5 30. hxg5+ hxg5 31. Rh1 Kg6 32. c4 Nf6 33. Bc2 Nd7 34. Bc3 Kf6 35. Rh6+ Kg7 36. Rh5 Kf6 37. b4 c5 38. b5 Ra8 39. f4 Rg8 40. Rf2 gxf4 41. Rxf4+ Kg6 42. Rfh4 Reg7 43. Rh6+ Kf7 44. Rh7 axb5 45. cxb5 Nf6 46. Rxg7+ Rxg7 47. a5 Nd5 48. Bd2 e4 49. Rxe4 Bxg3 50. Kf1 Rg8 51. Bb3 Ra8 52. d4 cxd4 53. Rxd4 Bc7 54. Bxd5 exd5 55. b6 Bd6 56. Rxd5 Ke6 57. Rh5 Rf8+ 58. Ke2 Rf5 59. Rh7 Rf7 60. Rh8 Kd5 61. Rc8 Rf8 62. Rc3 Re8+ 63. Kd3 Bc5 64. Kc2 Kc6 65. Kb3 Kb5 66. Rd3 Rg8 67. Bc3 Ka6 68. Rd5 Bf2 69. Rf5 Bg1 70. Ka4 Be3 71. Bb4 Rh8 72. Re5 Bf2 73. Re4 Rg8 1/2-1/2

[Event "Thüringenliga 2025/26"]
[Site "?"]
[Date "2026.03.01"]
[Round "7.7"]
[White "Meissner, Steffen"]
[Black "Dreyer, Michael"]
[Result "1/2-1/2"]
[WhiteElo "1790"]
[BlackElo "1945"]
[WhiteFideId "-1"]
[BlackFideId "-1"]
[PlyCount "87"]
[GameId "2286193132875813"]
[EventDate "2025.09.14"]
[EventType "team-tourn"]
[EventRounds "9"]
[SourceTitle "Thueringer Schachbund"]
[Source "ThSB"]
[SourceDate "2025.09.14"]
[SourceVersion "1"]
[SourceVersionDate "2025.09.14"]
[SourceQuality "1"]
[WhiteTeam "SV 1861 Liebschwitz"]
[BlackTeam "SV Schott Jena"]

{[%evp 0,87,27,20,23,10,61,61,61,57,60,42,38,31,29,31,28,31,30,17,20,-38,3,-7,-14,-85,-98,-55,-61,-87,-85,-88,-65,-65,-65,-65,-70,-76,-69,-86,-80,-86,-68,-63,-67,-60,-59,-65,-65,-63,-60,-65,-59,-62,-48,-57,-51,-88,-41,-48,-28,-40,-41,-43,-43,-43,-42,-45,-38,-44,-41,-49,2,-34,-83,-85,-98,-92,-92,-288,-156,-245,-252,-348,-49,-6,0,0,0,0]} 1. e4 e5 2. Nf3 d6 3. d4 Nf6 4. Nc3 Nbd7 5. h3 Be7 6. Be3 O-O 7. Bd3 c6 8. O-O b5 9. Qd2 Bb7 10. Bg5 Re8 11. Rfe1 a6 12. Ne2 c5 13. dxe5 Nxe5 14. Nxe5 dxe5 15. Ng3 h6 16. Bxf6 Bxf6 17. Rad1 c4 18. Bf1 Qxd2 19. Rxd2 Rad8 20. Red1 Rxd2 21. Rxd2 Rd8 22. Rxd8+ Bxd8 23. b3 cxb3 24. axb3 Bb6 25. Bd3 Kf8 26. Kf1 g6 27. Ke2 Ke7 28. Nf1 Kd6 29. Ne3 Bxe3 30. Kxe3 Kc5 31. c3 a5 32. Kd2 Bc8 33. h4 Bd7 34. g3 f5 35. Bc2 a4 36. bxa4 bxa4 37. Bb1 Be6 38. exf5 gxf5 39. Kc2 e4 40. Kb2 Bb3 41. g4 fxg4 42. Bxe4 Kc4 43. Bf5 Bd1 44. Kc1 1/2-1/2

[Event "Thüringenliga 2025/26"]
[Site "?"]
[Date "2026.03.01"]
[Round "7.8"]
[White "Vieweg, Klaus"]
[Black "Müller, Gunther"]
[Result "1-0"]
[WhiteElo "1933"]
[BlackElo "1696"]
[WhiteFideId "-1"]
[BlackFideId "-1"]
[PlyCount "47"]
[GameId "2286193132884006"]
[EventDate "2025.09.14"]
[EventType "team-tourn"]
[EventRounds "9"]
[SourceTitle "Thueringer Schachbund"]
[Source "ThSB"]
[SourceDate "2025.09.14"]
[SourceVersion "1"]
[SourceVersionDate "2025.09.14"]
[SourceQuality "1"]
[WhiteTeam "SV Schott Jena"]
[BlackTeam "SV 1861 Liebschwitz"]

{[%evp 0,47,20,23,36,2,10,7,21,21,4,13,21,17,9,9,0,0,12,-1,29,16,8,10,14,-7,15,-4,39,37,42,35,72,46,68,55,122,82,84,89,125,131,188,91,103,115,117,122,222,221]} 1. Nf3 Nf6 2. g3 g6 3. Bg2 Bg7 4. O-O O-O 5. d4 d5 6. c4 c6 7. cxd5 cxd5 8. Nc3 Nc6 9. Ne5 e6 10. Nxc6 bxc6 11. Na4 Nd7 12. Bf4 e5 13. dxe5 Nxe5 14. Rc1 Bd7 15. b3 g5 16. Be3 f5 17. Bd4 f4 18. Bxe5 Bxe5 19. Bxd5+ Kg7 20. Bxc6 Bxc6 21. Qxd8 Raxd8 22. Rxc6 Rd2 23. Nc5 Rf7 24. Ne6+ 1-0

[Event "Thüringenliga 2025/26"]
[Site "?"]
[Date "2026.03.01"]
[Round "7.1"]
[White "Kölsch, Maximilian"]
[Black "Nguyen, Huy Dat"]
[Result "0-1"]
[WhiteElo "2170"]
[BlackElo "2069"]
[WhiteFideId "-1"]
[BlackFideId "-1"]
[PlyCount "76"]
[GameId "2285492287066327"]
[EventDate "2025.09.14"]
[EventType "team-tourn"]
[EventRounds "9"]
[SourceTitle "Thueringer Schachbund"]
[Source "ThSB"]
[SourceDate "2025.09.14"]
[SourceVersion "1"]
[SourceVersionDate "2025.09.14"]
[SourceQuality "1"]
[WhiteTeam "Erfurter SK 2"]
[BlackTeam "SV Medizin Erfurt"]

{[%evp 0,52,22,15,23,0,8,24,22,27,27,-9,2,16,44,15,32,3,18,6,12,-23,21,-17,-30,-49,-42,-121,-99,-121,-111,-128,-92,-136,-161,-148,-65,-267,-267,-284,-276,-284,-284,-293,-293,-275,-266,-279,-277,-335,-245,-229,-229,-221,-213]} 1. d4 Nf6 2. g3 g6 3. Bg2 Bg7 4. e4 d6 5. f4 O-O 6. Nc3 e5 7. Nge2 c6 8. Be3 Nbd7 9. Qd2 Qa5 10. Bf3 Re8 11. dxe5 dxe5 12. f5 gxf5 13. Nc1 fxe4 14. Nb3 Qc7 15. Be2 Nf8 16. O-O-O Bh3 17. Bg5 Bg2 18. Rdf1 e3 19. Qxe3 Nd5 20. Nxd5 cxd5 21. Rhg1 Bxf1 22. Rxf1 Rac8 23. Bd1 e4 24. Rf5 Qc4 25. Bf6 Bxf6 26. Rxf6 Ne6 27. Rxe6 Rxe6 28. Nd4 Rg6 29. Nf5 Kf8 30. Qxa7 Qc5 31. Qxb7 e3 32. c3 Re8 33. Be2 Rf6 34. g4 Rxf5 35. gxf5 d4 36. f6 dxc3 37. b3 Qd4 38. Kb1 c2+ 0-1

[Event "Thüringenliga 2025/26"]
[Site "?"]
[Date "2026.03.01"]
[Round "7.2"]
[White "Wehner, Janis"]
[Black "Seinsoth, Paul"]
[Result "0-1"]
[WhiteElo "2081"]
[BlackElo "2031"]
[WhiteFideId "-1"]
[BlackFideId "-1"]
[PlyCount "44"]
[GameId "2285492287111384"]
[EventDate "2025.09.14"]
[EventType "team-tourn"]
[EventRounds "9"]
[SourceTitle "Thueringer Schachbund"]
[Source "ThSB"]
[SourceDate "2025.09.14"]
[SourceVersion "1"]
[SourceVersionDate "2025.09.14"]
[SourceQuality "1"]
[WhiteTeam "SV Medizin Erfurt"]
[BlackTeam "Erfurter SK 2"]

{[%evp 0,44,19,38,40,41,69,66,58,31,37,30,69,48,36,45,47,27,33,41,37,32,47,47,33,-2,7,0,13,3,6,-2,1,-7,-8,-10,-16,-16,-5,-30,-23,-18,-10,-27,-27,-223,-82]} 1. e4 c5 2. Nf3 d6 3. d4 cxd4 4. Nxd4 Nf6 5. Nc3 a6 6. Be3 e5 7. Nb3 Be7 8. f3 Be6 9. Qd2 h5 10. O-O-O Nbd7 11. Kb1 Rc8 12. Nd5 Nxd5 13. exd5 Bf5 14. Bd3 Bxd3 15. Qxd3 Bg5 16. Nd2 Bxe3 17. Qxe3 O-O 18. Ne4 Nc5 19. h4 Nxe4 20. fxe4 Qd7 21. Rdf1 Qg4 22. Rf5 Rc4 0-1

[Event "Thüringenliga 2025/26"]
[Site "?"]
[Date "2026.03.01"]
[Round "7.3"]
[White "Zitzelsberger, Philipp"]
[Black "Kirschbaum, Gunnar"]
[Result "1/2-1/2"]
[WhiteElo "1936"]
[BlackElo "1995"]
[WhiteFideId "-1"]
[BlackFideId "-1"]
[PlyCount "50"]
[GameId "2285492287148249"]
[EventDate "2025.09.14"]
[EventType "team-tourn"]
[EventRounds "9"]
[SourceTitle "Thueringer Schachbund"]
[Source "ThSB"]
[SourceDate "2025.09.14"]
[SourceVersion "1"]
[SourceVersionDate "2025.09.14"]
[SourceQuality "1"]
[WhiteTeam "Erfurter SK 2"]
[BlackTeam "SV Medizin Erfurt"]

{[%evp 0,50,28,41,72,72,73,64,77,102,87,95,78,62,55,51,55,23,43,38,63,59,63,45,49,47,50,46,46,34,42,38,32,20,11,-54,-54,-77,-69,-78,48,30,1,4,0,0,0,0,0,0,0,0,0]} 1. e4 d6 2. d4 Nf6 3. Nc3 e5 4. dxe5 dxe5 5. Qxd8+ Kxd8 6. Bc4 Be6 7. Bxe6 fxe6 8. f3 a6 9. Be3 Bd6 10. O-O-O Nbd7 11. Nh3 Ke7 12. Nf2 Bc5 13. Bxc5+ Nxc5 14. b4 Ncd7 15. Nd3 Ne8 16. Nb1 Nd6 17. Nd2 a5 18. a3 axb4 19. axb4 Ra4 20. Kb2 Nb6 21. Ra1 Rha8 22. Rxa4 Rxa4 23. Kb3 Nb5 24. Nc4 Nd4+ 25. Kc3 Nb5+ 1/2-1/2

[Event "Thüringenliga 2025/26"]
[Site "?"]
[Date "2026.03.01"]
[Round "7.4"]
[White "Grund, Sebastian"]
[Black "Apel, Linus"]
[Result "1-0"]
[WhiteElo "2017"]
[BlackElo "1896"]
[WhiteFideId "-1"]
[BlackFideId "-1"]
[PlyCount "77"]
[GameId "2285492287181018"]
[EventDate "2025.09.14"]
[EventType "team-tourn"]
[EventRounds "9"]
[SourceTitle "Thueringer Schachbund"]
[Source "ThSB"]
[SourceDate "2025.09.14"]
[SourceVersion "1"]
[SourceVersionDate "2025.09.14"]
[SourceQuality "1"]
[WhiteTeam "SV Medizin Erfurt"]
[BlackTeam "Erfurter SK 2"]

{[%evp 0,77,41,34,32,19,31,-4,2,-19,-2,-14,23,-3,49,0,22,43,86,80,122,100,115,97,96,99,99,73,111,104,96,141,224,24,40,16,60,54,45,54,46,59,37,8,133,124,119,124,136,131,137,139,139,137,145,143,126,120,118,125,142,133,254,110,175,106,174,124,146,124,196,212,237,272,319,311,310,319,327,344]} 1. d4 d5 2. Nf3 Nf6 3. c4 e6 4. g3 dxc4 5. Bg2 c6 6. O-O Be7 7. Nc3 O-O 8. Ne5 Qc7 9. Nxc4 b5 10. Bf4 Qb7 11. Ne5 Nd5 12. Nxd5 cxd5 13. Rc1 Bd7 14. Qb3 Na6 15. e4 dxe4 16. Bxe4 Qxe4 17. Nxd7 Rfd8 18. Qxb5 Nb4 19. Nc5 Bxc5 20. dxc5 Nd3 21. Rc4 Qf3 22. Rc3 Qe2 23. Bd6 Nf4 24. Qc4 Qxc4 25. Rxc4 Nd5 26. b4 f6 27. a4 Kf7 28. b5 Rac8 29. Rfc1 Rd7 30. Kg2 f5 31. Kf3 Nf6 32. Ke3 Ne4 33. Be5 Rd5 34. f3 Nd2 35. Rd4 Rxe5+ 36. Kxd2 Rexc5 37. Rxc5 Rxc5 38. Rd7+ Kf6 39. Rxa7 1-0

[Event "Thüringenliga 2025/26"]
[Site "?"]
[Date "2026.03.01"]
[Round "7.5"]
[White "Molina Hidalgo, Juan"]
[Black "Müller-Ludwig, Kristin"]
[Result "1/2-1/2"]
[WhiteElo "1948"]
[BlackElo "1965"]
[WhiteFideId "-1"]
[BlackFideId "-1"]
[PlyCount "136"]
[GameId "2285492287217883"]
[EventDate "2025.09.14"]
[EventType "team-tourn"]
[EventRounds "9"]
[SourceTitle "Thueringer Schachbund"]
[Source "ThSB"]
[SourceDate "2025.09.14"]
[SourceVersion "1"]
[SourceVersionDate "2025.09.14"]
[SourceQuality "1"]
[WhiteTeam "Erfurter SK 2"]
[BlackTeam "SV Medizin Erfurt"]

{[%evp 0,136,43,11,42,20,17,18,2,-12,-2,-7,-8,-13,-15,-11,6,-1,-5,-4,-11,-12,-27,-10,7,1,3,8,7,-27,-32,-39,-9,-20,-23,-23,-9,-14,-2,-49,-8,-5,-11,47,32,10,1,-43,-24,-8,0,5,7,11,42,-34,-38,-49,-35,-32,-28,-28,-43,-94,-43,-25,-29,-65,-71,-71,-54,-28,-4,-8,83,82,90,96,81,89,92,92,84,6,112,134,97,0,0,135,74,65,62,70,962,0,0,0,0,0,0,0,0,0,0,0,0,0,0,0,0,0,0,0,0,0,0,0,0,0,0,0,0,0,0,0,0,0,0,0,0,0,0,0,0,0,0,0,0]} 1. e4 e6 2. Qe2 c5 3. g3 Nc6 4. Nf3 d6 5. Bg2 Be7 6. O-O Nf6 7. c3 d5 8. d3 O-O 9. e5 Nd7 10. Nbd2 b5 11. a4 bxa4 12. Rxa4 Nb6 13. Ra1 a5 14. Re1 a4 15. h4 Ba6 16. Nf1 Na5 17. Bg5 Nb3 18. Ra2 Bb5 19. N1h2 a3 20. bxa3 h6 21. Bxe7 Qxe7 22. Rb1 c4 23. Qe3 Rfb8 24. Nd4 Ba4 25. Nhf3 Qc7 26. Bf1 Na5 27. Nb5 Bxb5 28. Rxb5 cxd3 29. Bxd3 Nac4 30. Qd4 Nxa3 31. Rbb2 Nbc4 32. Rxb8+ Qxb8 33. Bxc4 Nxc4 34. Rxa8 Qxa8 35. Nd2 Qa1+ 36. Kg2 Qd1 37. Nxc4 Qxd4 38. cxd4 dxc4 39. Kf3 f6 40. Ke3 Kf7 41. Kd2 Kg6 42. Kc3 fxe5 43. dxe5 Kf5 44. f4 g5 45. fxg5 hxg5 46. h5 g4 47. Kxc4 Kxe5 48. h6 Kf6 49. Kd4 Kg6 50. Ke5 Kxh6 51. Kxe6 Kg6 52. Ke5 Kg5 53. Ke4 Kg6 54. Kf4 Kh5 55. Kf5 Kh6 56. Kxg4 Kg6 57. Kf4 Kf6 58. Kg4 Kg6 59. Kh4 Kh6 60. g4 Kg6 61. g5 Kg7 62. Kh5 Kh7 63. g6+ Kg7 64. Kg5 Kg8 65. Kh6 Kh8 66. Kg5 Kg8 67. Kf6 Kf8 68. g7+ Kg8 1/2-1/2

[Event "Thüringenliga 2025/26"]
[Site "?"]
[Date "2026.03.01"]
[Round "7.6"]
[White "Nguyen, Ha Thanh"]
[Black "Tran, Anh Duc Kevin"]
[Result "1/2-1/2"]
[WhiteElo "1887"]
[BlackElo "1881"]
[WhiteFideId "-1"]
[BlackFideId "-1"]
[PlyCount "76"]
[GameId "2285492287254748"]
[EventDate "2025.09.14"]
[EventType "team-tourn"]
[EventRounds "9"]
[SourceTitle "Thueringer Schachbund"]
[Source "ThSB"]
[SourceDate "2025.09.14"]
[SourceVersion "1"]
[SourceVersionDate "2025.09.14"]
[SourceQuality "1"]
[WhiteTeam "SV Medizin Erfurt"]
[BlackTeam "Erfurter SK 2"]

1. e4 c6 2. d4 d5 3. exd5 cxd5 4. c4 Nc6 5. Nf3 Bg4 6. Be2 Nf6 7. O-O e6 8. a3 dxc4 9. Qa4 Be7 10. Qxc4 O-O 11. Be3 Rc8 12. Qa4 Nd5 13. Nc3 Nb6 14. Qd1 Nd5 15. h3 Bh5 16. g4 Bg6 17. Rc1 Qa5 18. Nxd5 Qxd5 19. Bc4 Qd6 20. d5 Na5 21. Ba2 Rxc1 22. Qxc1 Be4 23. Bf4 Qa6 24. Nd4 Bxd5 25. Bxd5 exd5 26. Nf5 Bf6 27. g5 Bd8 28. Bd6 Re8 29. Qc3 f6 30. Qc5 Qd3 31. Ne7+ Bxe7 32. Bxe7 b6 33. Qd6 Qe4 34. gxf6 Nc4 35. Qg3 g6 36. Qg4 Nd2 37. Qxe4 Nxe4 38. Rd1 Kf7 1/2-1/2